[Event "CZE-ch U18/20 Girls"]
[Site "Spindleruv Mlyn"]
[Date "2022.03.19"]
[Round "9"]
[White "Leksova, Sona"]
[Black "Semova, Lada"]
[Result "1-0"]
[WhiteElo "1696"]
[BlackElo "1371"]
[PlyCount "69"]
[EventDate "2022.03.13"]
[EventType "tourn"]
[EventRounds "9"]
[EventCountry "CZE"]
[SourceTitle "EXT 2023"]
[Source "ChessBase"]
[SourceDate "2022.10.05"]
[SourceVersion "1"]
[SourceVersionDate "2022.10.05"]
[SourceQuality "1"]

1. e4 e5 2. Nf3 Nc6 3. Bb5 d6 4. h3 Bd7 5. 0-0 g6 6. d4 exd4 7. Bxc6 Bxc6 8. Qxd4 f6 9. Re1 Bg7 10. Nc3 Ne7 11. Nd5 0-0 12. Qd3 Re8 13. Bd2 Qd7 14. Re3 Rad8 15. Rae1 b6 16. Nxe7+ Rxe7 17. Nd4 Bb7 18. f4 Bh6 19. Rg3 Kf7 20. h4 Rde8 21. f5 Bxd2 22. fxg6+ hxg6 23. e5 f5 24. e6+ Rxe6 25. Rxe6 Rxe6 26. Nxe6 Qxe6 27. Qxd2 Qe5 28. Qc3 Qe7 29. h5 g5 30. h6 Kg6 31. Qh8 Bd5 32. h7 Qe6 33. Qd8 g4 34. h8Q f4 35. Qhe8+ 1-0

[Event "CZE-ch U18/20 Girls"]
[Site "Spindleruv Mlyn"]
[Date "2022.03.18"]
[Round "8"]
[White "Semova, Lada"]
[Black "Dvorakova, Olga"]
[Result "0-1"]
[WhiteElo "1371"]
[BlackElo "1947"]
[PlyCount "82"]
[EventDate "2022.03.13"]
[EventType "tourn"]
[EventRounds "9"]
[EventCountry "CZE"]
[SourceTitle "EXT 2023"]
[Source "ChessBase"]
[SourceDate "2022.10.05"]
[SourceVersion "1"]
[SourceVersionDate "2022.10.05"]
[SourceQuality "1"]

1. e4 c6 2. d4 d5 3. exd5 cxd5 4. c3 Nf6 5. Bd3 Bg4 6. Qc2 Qc7 7. h3 Bh5 8. g4 Bg6 9. Nf3 e6 10. Ne5 Nc6 11. f4 Nxd4 12. Qa4+ Nc6 13. Bb5 Rc8 14. Be3 Bd6 15. Bd4 Be4 16. Rg1 0-0 17. Bxc6 bxc6 18. Qxa7 Qxa7 19. Bxa7 c5 20. Na3 Bxe5 21. fxe5 Nd7 22. Nb5 Nxe5 23. Kf2 f5 24. g5 Nd3+ 25. Ke3 f4+ 26. Kd2 Nxb2 27. Nd6 Rc7 28. Nb5 Rc6 29. a4 f3 30. Ke3 Bd3 31. Kf2 Be2 32. Rgb1 Nd3+ 33. Ke3 e5 34. a5 d4+ 35. Kd2 Nf4 36. Ke1 Nxh3 37. Bb6 Bd3 38. Kd2 Bxb1 39. Rxb1 f2 40. Ke2 Nxg5 41. Nc7 Ne4 0-1

[Event "CZE-ch rapid U20"]
[Site "Ceska Trebova"]
[Date "2020.09.20"]
[Round "9"]
[White "Bauer, Jan2222"]
[Black "Semova, Lada"]
[Result "1-0"]
[WhiteElo "1759"]
[BlackElo "1497"]
[PlyCount "93"]
[EventDate "2020.09.19"]
[EventType "swiss (rapid)"]
[EventRounds "9"]
[EventCountry "CZE"]
[SourceTitle "CBM 198 Extra"]
[Source "ChessBase"]
[SourceDate "2020.11.30"]
[SourceVersion "1"]
[SourceVersionDate "2020.11.30"]
[SourceQuality "1"]

1. d4 d5 2. Nf3 Nc6 3. Bf4 Bg4 4. e3 e6 5. c4 Nf6 6. Nc3 Be7 7. Bd3 dxc4 8. Bxc4 0-0 9. 0-0 Re8 10. h3 Bh5 11. Re1 a6 12. g4 Bg6 13. e4 b5 14. Bb3 b4 15. e5 Nxg4 16. hxg4 bxc3 17. bxc3 Na5 18. Ba4 Rf8 19. Qe2 c5 20. Rad1 cxd4 21. cxd4 Qd5 22. Bd2 Rfb8 23. Bxa5 Qxa5 24. Bb3 h5 25. Nd2 hxg4 26. Qxg4 Rd8 27. Bxe6 Bc2 28. Nb3 Bxd1 29. Rxd1 Qc3 30. Bxf7+ Kxf7 31. Qf5+ Kg8 32. Rd3 Qe1+ 33. Kg2 Bh4 34. Qe6+ Kh8 35. Qf7 Rf8 36. Qh5+ Kg8 37. Qxh4 Kf7 38. Rf3+ Ke8 39. Qh5+ Kd7 40. Qg4+ Kc6 41. d5+ Kc7 42. d6+ Kb6 43. Qd4+ Kb7 44. Nc5+ Kc6 45. Rxf8 Rxf8 46. Ne6 Rf5 47. d7 1-0

[Event "CZE-ch U16 Girls"]
[Site "Kouty nad Desnou"]
[Date "2020.03.11"]
[Round "6"]
[White "Habinova, Alice"]
[Black "Semova, Lada"]
[Result "0-1"]
[WhiteElo "1474"]
[BlackElo "1477"]
[PlyCount "58"]
[EventDate "2020.03.07"]
[EventType "swiss"]
[EventRounds "7"]
[EventCountry "CZE"]
[SourceTitle "CBM 195 Extra"]
[Source "ChessBase"]
[SourceDate "2020.05.31"]
[SourceVersion "1"]
[SourceVersionDate "2020.05.31"]
[SourceQuality "1"]

1. e4 e5 2. f4 exf4 3. Nf3 Nf6 4. Nc3 d5 5. e5 Nh5 6. d4 Nc6 7. Bb5 Be7 8. 0-0 g6 9. Ne2 g5 10. Ne1 Ng7 11. b3 Bd7 12. Bb2 a6 13. Bd3 Be6 14. c4 Qd7 15. Rc1 0-0 16. Bb1 Rad8 17. a3 dxc4 18. bxc4 Nxe5 19. d5 Ng6 20. Qd4 f6 21. dxe6 Qxe6 22. Qf2 Rd2 23. Rc2 Rxc2 24. Nxc2 Qxc4 25. Qf3 Qb5 26. Ba2+ Kh8 27. Bc3 Bc5+ 28. Kh1 Nh4 29. Qg4 h5 0-1

[Event "CZE-ch U16 Girls"]
[Site "Kouty nad Desnou"]
[Date "2020.03.07"]
[Round "1"]
[White "Merinska, Julie"]
[Black "Semova, Lada"]
[Result "0-1"]
[WhiteElo "1182"]
[BlackElo "1477"]
[PlyCount "70"]
[EventDate "2020.03.07"]
[EventType "swiss"]
[EventRounds "7"]
[EventCountry "CZE"]
[SourceTitle "CBM 195 Extra"]
[Source "ChessBase"]
[SourceDate "2020.05.31"]
[SourceVersion "1"]
[SourceVersionDate "2020.05.31"]
[SourceQuality "1"]

1. e4 e5 2. d4 exd4 3. Nf3 Nc6 4. c3 dxc3 5. Nxc3 Bc5 6. Bc4 d6 7. Qb3 Qd7 8. Ng5 Ne5 9. Bb5 c6 10. Be2 h6 11. Nf3 Nxf3+ 12. Bxf3 Nf6 13. 0-0 Qe7 14. Re1 0-0 15. Be3 Bxe3 16. Rxe3 Ng4 17. Re2 Ne5 18. Re3 Be6 19. Qc2 Qg5 20. Be2 f5 21. Rg3 Qf4 22. Rd1 fxe4 23. Qxe4 Qxf2+ 24. Kh1 Rf4 25. Qe3 Raf8 26. Qxf2 Rxf2 27. Kg1 Bc4 28. Bxc4+ Nxc4 29. Ne4 Rxb2 30. Nc3 Rbf2 31. Rgd3 d5 32. Rb1 Nd2 33. h3 Nxb1 34. Nxb1 Rf1+ 35. Kh2 Rxb1 0-1

[Event "Karlovy Vary CupT U16"]
[Site "Karlovy Vary"]
[Date "2020.01.22"]
[Round "1.4"]
[White "Semova, Lada"]
[Black "Dobsa, Emma"]
[Result "1-0"]
[WhiteElo "1493"]
[BlackElo "1342"]
[PlyCount "43"]
[EventDate "2020.01.22"]
[EventType "team-swiss"]
[EventRounds "4"]
[EventCountry "CZE"]
[SourceTitle "CBM 194 Extra"]
[Source "ChessBase"]
[SourceDate "2020.03.31"]
[SourceVersion "1"]
[SourceVersionDate "2020.03.31"]
[SourceQuality "1"]
[WhiteTeam "Ustecky kraj"]
[BlackTeam "Praha"]
[WhiteTeamCountry "CZE"]
[BlackTeamCountry "CZE"]

1. d4 d5 2. c4 c6 3. Nc3 dxc4 4. Bf4 Nf6 5. e3 b5 6. Nf3 Bf5 7. Ne5 e6 8. Qf3 Qc8 9. g3 b4 10. e4 bxc3 11. exf5 cxb2 12. Rb1 Qb7 13. fxe6 fxe6 14. Bxc4 Ke7 15. 0-0 a5 16. Rfe1 a4 17. Bg5 a3 18. Ng4 Nbd7 19. Rxe6+ Kd8 20. Rxc6 Rc8 21. Rxf6 Qc7 22. Rxf8# 1-0

[Event "EU-ch U14 Girls"]
[Site "Bratislava"]
[Date "2019.08.10"]
[Round "9"]
[White "Andrasunaite, Rusne"]
[Black "Semova, Lada"]
[Result "1-0"]
[WhiteElo "1266"]
[BlackElo "1420"]
[PlyCount "79"]
[EventDate "2019.08.02"]
[EventType "swiss"]
[EventRounds "9"]
[EventCountry "SVK"]
[SourceTitle "EXT 2020"]
[Source "ChessBase"]
[SourceDate "2019.10.17"]
[SourceVersion "1"]
[SourceVersionDate "2019.10.17"]
[SourceQuality "1"]

1. e4 c5 2. d4 cxd4 3. c3 dxc3 4. Nxc3 Nc6 5. Nf3 e6 6. Bc4 Bc5 7. 0-0 a6 8. Qe2 Nge7 9. Rd1 0-0 10. Bg5 h6 11. Bh4 Qe8 12. Rac1 Ng6 13. Bg3 f5 14. exf5 Rxf5 15. Ne4 d5 16. Nxc5 dxc4 17. Qxc4 b5 18. Qe4 Rf6 19. Ne5 Ncxe5 20. Qxa8 Nf3+ 21. gxf3 Nf4 22. Kf1 e5 23. Ne6 Qxe6 24. Qxc8+ Qxc8 25. Rxc8+ Kf7 26. Rd7+ Kg6 27. Re8 Rc6 28. Ke1 Kf6 29. Red8 Rc2 30. Rd2 Rc1+ 31. Rd1 Rc2 32. R8d2 Rxd2 33. Rxd2 Ke7 34. Kd1 b4 35. Kc2 g5 36. Kb3 a5 37. Ka4 h5 38. Kxa5 Nh3 39. Kxb4 h4 40. a4 1-0

[Event "EU-ch U14 Girls"]
[Site "Bratislava"]
[Date "2019.08.07"]
[Round "6"]
[White "Semova, Lada"]
[Black "Shuqja, Klean"]
[Result "0-1"]
[WhiteElo "1420"]
[BlackElo "1829"]
[PlyCount "78"]
[EventDate "2019.08.02"]
[EventType "swiss"]
[EventRounds "9"]
[EventCountry "SVK"]
[SourceTitle "EXT 2020"]
[Source "ChessBase"]
[SourceDate "2019.10.17"]
[SourceVersion "1"]
[SourceVersionDate "2019.10.17"]
[SourceQuality "1"]

1. d4 Nf6 2. c4 g6 3. Nc3 d5 4. cxd5 Nxd5 5. e4 Nxc3 6. bxc3 Bg7 7. Nf3 0-0 8. Rb1 c5 9. Be2 Nc6 10. d5 Bxc3+ 11. Bd2 Bxd2+ 12. Qxd2 Nb8 13. h4 f6 14. 0-0 b6 15. Rb3 Ba6 16. Re1 Bxe2 17. Rxe2 Nd7 18. Qh6 Rf7 19. e5 Qf8 20. Qxf8+ Rfxf8 21. e6 Nb8 22. Ra3 Rd8 23. Rd2 Rd6 24. Rc3 Na6 25. a3 Rad8 26. Rcd3 Nc7 27. Ne1 Rxd5 28. Rxd5 Rxd5 29. Rxd5 Nxd5 30. g3 Nc7 31. f3 Nxe6 32. Kf2 Kf7 33. Ke2 Nd4+ 34. Kd3 Ke6 35. Ke4 Kd6 36. Nd3 Nb5 37. h5 gxh5 38. Nf4 Nxa3 39. Nxh5 Nc4 0-1

[Event "EU-ch U14 Girls"]
[Site "Bratislava"]
[Date "2019.08.05"]
[Round "4"]
[White "Semova, Lada"]
[Black "Karavitaki, Evaggelia"]
[Result "0-1"]
[WhiteElo "1420"]
[BlackElo "1710"]
[PlyCount "106"]
[EventDate "2019.08.02"]
[EventType "swiss"]
[EventRounds "9"]
[EventCountry "SVK"]
[SourceTitle "EXT 2020"]
[Source "ChessBase"]
[SourceDate "2019.10.17"]
[SourceVersion "1"]
[SourceVersionDate "2019.10.17"]
[SourceQuality "1"]

1. c4 c5 2. g3 Nf6 3. Bg2 d5 4. cxd5 Nxd5 5. Nc3 Nc7 6. Nf3 Nc6 7. 0-0 e5 8. d3 Be7 9. Qc2 0-0 10. Ne4 b6 11. Neg5 h6 12. Ne4 Be6 13. b3 Rc8 14. Re1 Nd5 15. Bd2 Qd7 16. Qb2 f6 17. Qc1 Kh7 18. h4 Nd4 19. Kh2 Nb4 20. Nc3 Nbc2 21. Rh1 Nxa1 22. Qxa1 Nc2 23. Qc1 Nd4 24. Kg1 Nxf3+ 25. Bxf3 f5 26. Kg2 Rcd8 27. Kf1 Rfe8 28. Be3 Bf6 29. Nb1 Bd5 30. Nd2 Bxf3 31. Nxf3 e4 32. dxe4 Qd1+ 33. Qxd1 Rxd1+ 34. Kg2 Rxh1 35. Kxh1 fxe4 36. Nd2 Rd8 37. a4 Bd4 38. Nc4 Bxe3 39. Nxe3 Rd7 40. Nc4 Rd1+ 41. Kg2 Rb1 42. Nd2 Rb2 43. Nxe4 Rxb3 44. a5 c4 45. axb6 axb6 46. Kf1 c3 47. Nxc3 Rxc3 48. Ke1 b5 49. e4 b4 50. e5 b3 51. Kd2 Rc8 52. e6 b2 53. e7 b1Q 0-1

[Event "EU-ch U14 Girls"]
[Site "Bratislava"]
[Date "2019.08.03"]
[Round "2"]
[White "Semova, Lada"]
[Black "Rozmanec, Pia"]
[Result "1/2-1/2"]
[WhiteElo "1420"]
[BlackElo "1608"]
[PlyCount "81"]
[EventDate "2019.08.02"]
[EventType "swiss"]
[EventRounds "9"]
[EventCountry "SVK"]
[SourceTitle "EXT 2020"]
[Source "ChessBase"]
[SourceDate "2019.10.17"]
[SourceVersion "1"]
[SourceVersionDate "2019.10.17"]
[SourceQuality "1"]

1. c4 c5 2. g3 g6 3. Bg2 Bg7 4. Nf3 Nf6 5. Nc3 Nc6 6. 0-0 0-0 7. d4 cxd4 8. Nxd4 a6 9. a4 Qb6 10. e3 d6 11. h3 Bd7 12. Re1 Rac8 13. b3 Rfe8 14. Bb2 Na5 15. Rb1 Bc6 16. Bf1 Bd7 17. Ba1 Nc6 18. Bg2 Qd8 19. Na2 e5 20. Nxc6 Bxc6 21. Nb4 Bxg2 22. Kxg2 Qb6 23. Nc2 Qc6+ 24. f3 Qc5 25. Bb2 Qc7 26. e4 Red8 27. Ne3 Qc5 28. Ra1 Qc6 29. Re2 Rd7 30. Ba3 Rcd8 31. Rc1 Bh6 32. Rc3 Qb6 33. Qc2 Bg7 34. Rd3 Qc6 35. Re1 Bh6 36. Red1 Bg7 37. Qc3 Bh6 38. h4 Qb6 39. a5 Qc6 40. b4 Bf8 41. Nd5 1/2-1/2

[Event "CZE-chT U18 Extraliga final-B 1516"]
[Site "Czech Republic"]
[Date "2016.04.23"]
[Round "9.6"]
[White "Fryda, Dominik1111"]
[Black "Semova, Lada"]
[Result "1-0"]
[WhiteElo "1700"]
[BlackElo "1217"]
[PlyCount "77"]
[EventDate "2015.10.03"]
[EventType "team-tourn"]
[EventRounds "11"]
[EventCountry "CZE"]
[SourceTitle "EXT 2022"]
[Source "ChessBase"]
[SourceDate "2021.10.06"]
[SourceVersion "1"]
[SourceVersionDate "2021.10.06"]
[SourceQuality "1"]
[WhiteTeam "Brno Lokomotiva U18"]
[BlackTeam "Most Chess U18"]
[WhiteTeamCountry "CZE"]
[BlackTeamCountry "CZE"]

1. f4 d5 2. Nf3 Nc6 3. e3 Bg4 4. Be2 Nf6 5. 0-0 e6 6. b3 Bc5 7. d4 Bd6 8. Nbd2 Ne4 9. Nxe4 dxe4 10. Ng5 Bxe2 11. Qxe2 f6 12. Nxe4 Qe7 13. c4 Bb4 14. a3 f5 15. Ng5 h6 16. Nf3 Bc3 17. Rb1 0-0-0 18. Qc2 Bxd4 19. exd4 Rhg8 20. Re1 Rde8 21. b4 g5 22. d5 Nd8 23. dxe6 Nxe6 24. Qxf5 Qd7 25. fxg5 hxg5 26. Bb2 g4 27. Ne5 Qg7 28. Nd3 Qd7 29. Rbd1 Re7 30. Qd5 Qe8 31. Nc5 c6 32. Qf5 g3 33. hxg3 Rxg3 34. Rxe6 Rxe6 35. Qxe6+ Qxe6 36. Nxe6 Rg8 37. Bf6 b6 38. Rd8+ Rxd8 39. Nxd8 1-0

[Event "CZE-chT U18 Extraliga West 1516"]
[Site "Czech Republic"]
[Date "2015.11.28"]
[Round "5.6"]
[White "Mach, Petr1111"]
[Black "Semova, Lada"]
[Result "1-0"]
[WhiteElo "1642"]
[BlackElo "1217"]
[PlyCount "51"]
[EventDate "2015.10.03"]
[EventType "team-tourn"]
[EventRounds "11"]
[EventCountry "CZE"]
[SourceTitle "EXT 2022"]
[Source "ChessBase"]
[SourceDate "2021.10.06"]
[SourceVersion "1"]
[SourceVersionDate "2021.10.06"]
[SourceQuality "1"]
[WhiteTeam "Praha Kobylisy U18"]
[BlackTeam "Most Chess U18"]
[WhiteTeamCountry "CZE"]
[BlackTeamCountry "CZE"]

1. e4 e5 2. Nf3 Nc6 3. Bc4 Nf6 4. Ng5 d5 5. exd5 Nxd5 6. Qf3 Qxg5 7. Bxd5 Bf5 8. Bxc6+ Ke7 9. Bxb7 Re8 10. 0-0 g6 11. d4 Qf6 12. dxe5 Qxe5 13. Qe3 Qxe3 14. Bxe3 Bg7 15. Nc3 Bxc2 16. Rac1 Bf5 17. Nd5+ Kf8 18. Bc5+ Kg8 19. Ne7+ Kf8 20. Nxf5+ Kg8 21. Nxg7 Kxg7 22. Bd4+ f6 23. Rxc7+ Kf8 24. Bc5+ Kg8 25. Bd5+ Re6 26. Bxe6# 1-0

[Event "CZE-chT U18 Extraliga West 1516"]
[Site "Czech Republic"]
[Date "2015.10.03"]
[Round "2.6"]
[White "Vojta, Jakub"]
[Black "Semova, Lada"]
[Result "1-0"]
[WhiteElo "1635"]
[BlackElo "1217"]
[PlyCount "57"]
[EventDate "2015.10.03"]
[EventType "team-tourn"]
[EventRounds "11"]
[EventCountry "CZE"]
[SourceTitle "EXT 2022"]
[Source "ChessBase"]
[SourceDate "2021.10.06"]
[SourceVersion "1"]
[SourceVersionDate "2021.10.06"]
[SourceQuality "1"]
[WhiteTeam "Vlasim U18"]
[BlackTeam "Most Chess U18"]
[WhiteTeamCountry "CZE"]
[BlackTeamCountry "CZE"]

1. e4 e5 2. d4 exd4 3. Bc4 Nc6 4. Nf3 Bc5 5. 0-0 Nf6 6. Bg5 h6 7. Bh4 0-0 8. e5 Be7 9. exf6 Bxf6 10. Bxf6 Qxf6 11. Re1 d6 12. c3 Bg4 13. Be2 Bxf3 14. Bxf3 Rab8 15. Qc2 a6 16. Bxc6 bxc6 17. cxd4 Qxd4 18. Nc3 Qg4 19. Re7 Rb6 20. Rae1 Qc8 21. Na4 Rb5 22. Qxc6 Rb8 23. h3 Ra8 24. Rxc7 Qd8 25. Ree7 d5 26. Qe6 d4 27. Rxf7 Qg5 28. Rxg7+ Kh8 29. Rh7# 1-0